| 000 | 01116nam a22003017a 4500 | ||
|---|---|---|---|
| 001 | BR7500799 | ||
| 003 | BR-BrBNA | ||
| 005 | 20230928084727.0 | ||
| 007 | ta | ||
| 008 | 230509b bl.||||| |||| 00| 0 por d | ||
| 040 |
_aBR-BrBNA _bpor _cBiblioteca Nacional de Agricultura |
||
| 041 | _a(Por) | ||
| 072 |
_aF30; F60; F00 _b0430 _b/G514 |
||
| 090 | _ 0430 BR7500799 | ||
| 110 | 1 | _aUniversidade Federal do Ceara, Fortaleza (Brasil). Centro de Ciencias Agrarias. Depto. de Fitotecnia; | |
| 110 | 1 |
_aSuperintendencia do Desenvolvimento do Nordeste, Fortaleza, CE (Brasil) _910124 |
|
| 245 | 1 |
_aEstudos basicos, melhoramento genetico e experimentacao com algodoeiro "moco" [Gossypium hirsutum marie galante; Fisiologia vegetal; Producao vegetal; Ceara; Brasil] _bRelatorio de pesquisa 1973/74 |
|
| 260 | 3 |
_aFortaleza, CE (Brasil): _c1975. |
|
| 300 | _a80 p. | ||
| 650 | _aMelhoramento genetico vegetal | ||
| 650 | _aFisiologia vegetal | ||
| 650 | _aProducao vegetal | ||
| 650 | _aAlgodao moco | ||
| 650 | _aMelhoramento vegetal | ||
| 650 | _aCeara | ||
| 909 |
_a202309 _bLucia _c55 _dLucia Elande |
||
| 942 | _cBK | ||
| 999 |
_c20741 _d20741 |
||